000 00645nam a2200229 a 4500
003 AR-BaBNM
005 20251128205117.0
008 082120s2002 ||||||||||||||000 | spa||
020 _a950-01-0499-7
040 _cAR-BaBNM
100 1 _aPucci, Julia Marta
245 0 0 _aChicos ingeniosos
_bpropuestas para desarrollar el pensamiento y la creatividad en forma divertida
250 _a1ª ed.
260 _aBuenos Aires
_bEstrada
_c1994
300 _a118 p.
_bil.
490 0 _a¿y qué más?
650 4 _aCREATIVIDAD
650 4 _aACTIVIDADES FUERA DE PROGRAMA
650 4 _aACTIVIDADES RECREATIVAS
942 _cBK
998 _cCarmen
999 _c10030
_d10030